Amusement Parks with Most Roller Coasters A-Z - Statistics

General Stats
  • This quiz has been taken 51 times
  • The average score is 11 of 26
Answer Stats
# RC Newest Coaster Country Company Open
since
Park % Correct
C 18 Snoopy's Racing Railway Canada Six Flags 1981 Canada's Wonderland
83%
A 10 Wicker Man UK Merlin Entertainments 1980 Alton Towers
80%
D 10 Big Bear Mountain USA Herschend Family Entertainment / Dolly Parton Productions 1961 Dollywood
80%
H 14 Wildcat's Revenge United States Hershey Entertainment and Resorts Company 1906 Hersheypark
76%
B 10 DarKoaster USA United Parks & Resorts 1975 Busch Gardens Williamsburg
71%
E 19 Choco Chip Creek, Honey Harbour Poland / 2014 Energylandia
63%
S 20 Wonder Woman Flight of Courage USA Six Flags 1971 Six Flags Magic Mountain
63%
K 15 Snoopy's Soap Box Racers USA Six Flags 1972 Kings Island
56%
N 13 Hakugei Japan / 1964 Nagashima Spa Land
56%
T 8 Hyperia UK Merlin Entertainments 1979 Thorpe Park
54%
W 9 Kondaa Belgium Compagnie des Alpes 1975 Walibi Belgium
51%
I 7 All American Triple Loop USA IB Parks & Entertainment 1926 Indiana Beach
49%
F 10 Sik UK The Gibb Family 1959 Flamingo Land
46%
L 11 Primordial USA _____ Corporation 1886 Lagoon
46%
U 5 VelociCoaster / Puss In Boots’ Giant Journey USA /Singapore NBCUniversal 1999 /2010 Universal Islands of Adventure / Universal Studios Singapore
46%
P 14 Olympia Looping Austria / 1766 Prater
41%
M 8 Desmo Race Italy Parques Reunidos 1992 Mirabilandia
34%
V 8 Cosmic Coaster USA Six Flags 1976 Valleyfair!
32%
G 8 Blackhole Coaster Japan / 1966 Greenland
15%
R 7 Go Go Sneaker Japan / <1983 Rusutsu Resort
7%
Z 5 Eurofighter Italy / 1973 Zoosafari Fasanolandia
2%
J 5 Gold Mining Coaster /Jungle Trailblazer,
Roller Coaster, Royal Knights, Treasure Minecar, Wooden Dragons Roller Coaster
Indonesien / China Jawa Timur Group / Sunac China Holdings Ltd. 2001 / 2021 Jawa Timur Park 1 / Jinan Sunac Land
0%
O 6 Unknown Name China / 2021 Ocean Kingdom Paradise
0%
Q 9 Children Coaster China / 2014 Quancheng Euro Park
0%
X 5 Bravest Warrior Roller China / 2020 Xuzhou Amusement Land
0%
Y 5 Roller Coaster China / <2014 Ying Xiang Ecological Park
0%
No matching quizzes found
Score Distribution
Percent of People with Each Score
Percentile by Number Answered
Your Score History
You have not taken this quiz